|
|
|
|
| LEADER |
00000nam1a2200000 4500 |
| 001 |
56736 |
| 005 |
20231101211626.0 |
| 010 |
|
|
|a 5020064491
|
| 035 |
|
|
|a (RuTPU)RU\TPU\book\59593
|
| 090 |
|
|
|a 56736
|
| 100 |
|
|
|a 20031009d2003 m y0rusy50 ca
|
| 101 |
0 |
|
|a rus
|
| 102 |
|
|
|a RU
|
| 200 |
1 |
|
|a История отечественного почвоведения: развитие идей, дифференцирования, институциализация
|e в 2 кн.
|f И. В. Иванов
|g Институт физико-химических и биологических проблем почвоведения; Докучаевское общество почвоведов
|
| 210 |
|
|
|a Москва
|c Наука
|d 2003
|
| 700 |
|
1 |
|a Иванов
|b И. В.
|g Игорь Васильевич
|
| 712 |
0 |
2 |
|a Российская академия наук (РАН)
|b Институт физико-химических и биологических проблем почвоведения (ИФХиБПП)
|c (Пущино)
|c (1999- )
|2 stltpush
|3 (RuTPU)RU\TPU\col\3483
|
| 712 |
0 |
2 |
|a Российская академия наук
|b Докучаевское общество почвоведов
|c (Москва)
|c (1996-2004)
|2 stltpush
|3 (RuTPU)RU\TPU\col\25997
|9 28544
|
| 801 |
|
1 |
|a RU
|b 63413507
|c 20031009
|g PSBO
|
| 801 |
|
2 |
|a RU
|b 63413507
|c 20190701
|g PSBO
|
| 942 |
|
|
|c BK
|